| 000 | 00369pam a2200157a 44500 | ||
|---|---|---|---|
| 008 | 230515b1988 xxu||||| |||| 00| 0 eng d | ||
| 020 | _aNULL | ||
| 041 | _aENGL | ||
| 082 | _aSTA | ||
| 100 | _aSTANLEY W. | ||
| 245 | _aOPERATIONAL AMPLIFIERS WITH LINEAR INTEGRATED CIRCUITS | ||
| 250 | _aN.D. | ||
| 260 |
_aNULL _bC.B.S _c1988 |
||
| 300 | _a382 PB | ||
| 650 | _aNULL | ||
| 999 |
_c627540 _d627540 |
||